|
|
|
|
| LEADER |
01552nam a2200373 a 4500 |
| 001 |
EBC1181070 |
| 003 |
MiAaPQ |
| 005 |
20200520144314.0 |
| 006 |
m o d | |
| 007 |
cr cn||||||||| |
| 008 |
130515t20131985enk s 001 0 eng d |
| 020 |
|
|
|z 9780415623629
|
| 020 |
|
|
|a 9780203104026 (electronic bk.)
|
| 035 |
|
|
|a (MiAaPQ)EBC1181070
|
| 035 |
|
|
|a (Au-PeEL)EBL1181070
|
| 035 |
|
|
|a (CaPaEBR)ebr10691756
|
| 035 |
|
|
|a (CaONFJC)MIL485285
|
| 035 |
|
|
|a (OCoLC)845254099
|
| 040 |
|
|
|a MiAaPQ
|c MiAaPQ
|d MiAaPQ
|
| 043 |
|
|
|a n-us---
|
| 050 |
|
4 |
|a HD6079.2.U5
|b .W66 2013
|
| 082 |
0 |
4 |
|a 331.4/0973
|2 19
|
| 245 |
0 |
0 |
|a Women, work and protest
|h [electronic resource] :
|b a century of U.S. women's labor history /
|c edited by Ruth Milkman.
|
| 260 |
|
|
|a London ;
|a New York :
|b Routledge,
|c 2013, c1985.
|
| 300 |
|
|
|a 1 online resource (xiv, 333 p.).
|
| 490 |
0 |
|
|a Routledge Library Editions: Women's History ;
|v Volume 27
|
| 500 |
|
|
|a Includes index.
|
| 533 |
|
|
|a Electronic reproduction. Ann Arbor, MI : ProQuest, 2015. Available via World Wide Web. Access may be limited to ProQuest affiliated libraries.
|
| 588 |
|
|
|a Description based on online resource; title from title page (ebrary, viewed May 15, 2013).
|
| 650 |
|
0 |
|a Women labor union members
|z United States
|x History
|y 20th century.
|
| 650 |
|
0 |
|a Sex discrimination against women
|z United States
|x History
|y 20th century.
|
| 655 |
|
4 |
|a Electronic books.
|
| 710 |
2 |
|
|a ProQuest (Firm)
|
| 856 |
4 |
0 |
|u https://ebookcentral.proquest.com/lib/matrademy/detail.action?docID=1181070
|z Click to View
|